00742nam a22001815i 4500001000700000003000900007005001700016008004100033040002000074100002700094245005800121260007500179300003600254490009800290650003700388830009800425852003700523157676ES-MaACL20230906210814.0040811s1890 xxu |||| | eng d aCAM bspa cCAM1 aLewis, William Draper.10aOur sheep and the tariff / cby William Draper Lewis. aPhiladelphia : bpublished by The University of Pa. Press Co., c1890. a158 p., [5] h. pleg. ; c22 cm.1 aPublications of the University of Pennsylvania. Political economy and public law series ; v2 4aLana-xTarifas-zEstados Unidos.0 aPublications of the University of Pennsylvania. Political economy and public law series ; v2 aES-MaACLjG-14123 z-- Enc. hol.